000 01565nam a2200277Ia 4500
999 _c41451
_d41451
001 8115
003 GE_BSU
005 20211213124206.0
008 181216s2009||||ge |||||||||||||| ||geo||
020 _a9789941128028
040 _cGE_BSU
041 _ageo
080 _a31+31:338+31:338.22+31:005 გ–12
100 _aგაბიძაშვილი, ბ.
_911730
245 _aპოპულარული სტატისტიკა ეკონომიკაში, ბიზნესსა და მენეჯმენტში :
_b (ევრო-ამერიკული პროგრამის მიხედვით) : სახელმძღვანელო უმაღლესი სკოლის სტუდენტებისათვის /
_cბ. გაბიძაშვილი, რედ. ს. გელაშვილი.
250 _aმეხუთე შევსებული და გადამუშავებული გამოცემა
264 _aთბილისი :
_bუნივერსალი,
_c2009.
300 _a421 გვ.
_bილ. ;
_c20 სმ.
501 _a დანართები: 408-421 გვ.
541 _h23ლ.
653 _aეკონომიკური სტატისტიკა
653 _aბიზნესის სტატისტიკა
653 _aმენეჯმენტის სტატისტიკა
700 _aგელაშვილი, ს.
_eრედაქტორი
_95758
942 _cBK
_2udc